Learn Japanese (Nihongo) : The fast and fun way

Here's how to learn Japanese painlessly for vacationing, shopping, making phone calls, dining, sightseeing, and generally getting around Japanese cities and countrysides. Vocabulary cards, gummed labels and other fun-learning features come as part of the book.

Đã lưu trong:
Bibliografiske detaljer
Hovedforfatter: Akiyama, Nobuo
Format: Bog
Sprog:Undetermined
Udgivet: New York Barron’s 1990
Fag:
Tags: Tilføj Tag
Ingen Tags, Vær først til at tagge denne postø!
Thư viện lưu trữ: Trung tâm Học liệu Trường Đại học Cần Thơ
LEADER 00867nam a2200229Ia 4500
001 CTU_110889
008 210402s9999 xx 000 0 und d
082 |a 495.683421 
082 |b A315 
100 |a Akiyama, Nobuo 
245 0 |a Learn Japanese (Nihongo) : 
245 4 |b The fast and fun way 
245 0 |c Nobuo Akiyama, Carol Akiyama. 
260 |a New York 
260 |b Barron’s 
260 |c 1990 
520 |a Here's how to learn Japanese painlessly for vacationing, shopping, making phone calls, dining, sightseeing, and generally getting around Japanese cities and countrysides. Vocabulary cards, gummed labels and other fun-learning features come as part of the book. 
650 |a Japanese language 
650 |x Conversation and phrase books 
650 |z English 
904 |i M.Loan 
980 |a Trung tâm Học liệu Trường Đại học Cần Thơ